Paroles Mauvais Payeur - La Fève - Statistiques

Statistiques générales
  • Ce quiz a été pris 187 fois
  • Le résultat moyen est 199 sur 364
Statistiques - réponses
Paroles % Correct
à
99%
m'a
98%
ma
98%
payeur
98%
ancien
97%
Nouveau
97%
nouveau
97%
mauvais
96%
le
95%
meilleur
94%
que
94%
pas
93%
de
91%
FR
91%
savent
91%
je
90%
j'suis
88%
che-ri
86%
G
85%
frayeur
84%
mes
84%
un
82%
la
80%
passe
75%
passé
75%
temps
75%
il
74%
une
72%
Une
72%
peau
71%
voix
71%
avec
70%
Si
70%
par
69%
jeune
68%
kawa
68%
ça
67%
dawa
67%
ce
66%
Ce
66%
J'parle
66%
loi
66%
Mon
66%
mon
66%
du
64%
suis
64%
fais
63%
player
61%
c'est
59%
intérieure
59%
moi
59%
t'es
59%
j'ai
57%
J'ai
57%
j'arrive
57%
j'm'en
54%
part
54%
des
53%
d'la
53%
qui
52%
simp
52%
Bon
51%
bon
51%
mois
51%
en
49%
j'compte
49%
on
49%
On
49%
parti
49%
perd
49%
qu'on
49%
sein
49%
pour
48%
tu
48%
donné
47%
elle
47%
frérot
47%
beurre
46%
j'savais
46%
phasé
46%
bitch
45%
d'assassin
45%
mental
45%
fâché
44%
j'aime
44%
prend
43%
zin
42%
comme
41%
mais
41%
cachets
40%
les
40%
tout
40%
un jeune
40%
souvenirs
39%
tant
39%
trop
39%
effacés
38%
donner
36%
featuring
36%
Fève
36%
Laker
36%
paper
36%
parois
36%
quand
36%
RAP
36%
feu-meu
35%
ring
35%
veut
35%
vois
35%
couleur
34%
toi
34%
toujours
34%
zinzin
34%
s'en
33%
figurine
32%
peur
31%
t'enfuis
31%
classements
30%
mic'
30%
dans
29%
Bientôt
28%
cette
28%
j'peux
28%
passer
28%
eu
27%
monde
27%
p'tit
27%
Rollie
27%
tour
27%
déplacement
26%
frère
26%
my
26%
oh
26%
pauvre
26%
pourrait
26%
t'as
26%
vie
26%
basket
25%
casse-tête
25%
god
25%
j'sais
25%
l'fait
25%
quoi
25%
tous
25%
au
24%
casquette
24%
charisme
24%
gars
24%
j'fais
24%
joues
24%
jours
24%
salle
24%
Sortir
24%
Trap
24%
gâché
23%
n'suis
23%
thème
22%
chérie
21%
pleine
21%
t'étais
21%
drop
20%
l'heure
20%
piège
20%
s'mentent
20%
arrive
19%
ou
19%
pensais
19%
saint
19%
s'pète
19%
arrêté
18%
dope
18%
Ibiza
18%
j'crois
18%
le-gueu
18%
est
17%
chance
16%
d'croire
16%
de coeur
16%
le peureux
16%
vida
16%
garçon
15%
pourquoi
15%
sale
15%
Dubaï
14%
le-geu
14%
Michael
14%
Première
14%
qu'la
14%
tu fais
14%
occasions
12%
Jamaica
11%
J'vois
11%
l'jaloux
11%
t'es bizarre
10%
chienne
9%
vit
9%
Faut
8%
plavons
8%
Pizsunny
6%
boofpack
4%
scène
4%
ça qu't'aimes
2%
less
1%
Aucun quiz correspondant
Distribution des résultats
% des personnes avec chaque résultat
Percentile par nombre de réponses
Votre historique - résultats
Vous n’avez pas pris ce quiz